Assessment of burden among caregivers of patients with dementia in Malaysia /
محفوظ في:
| المؤلف الرئيسي: | |
|---|---|
| التنسيق: | أطروحة كتاب |
| اللغة: | English |
| منشور في: |
2002.
|
| الموضوعات: | |
| الوسوم: |
إضافة وسم
لا توجد وسوم, كن أول من يضع وسما على هذه التسجيلة!
|
| LEADER | 00901cam a2200229 a 4500 | ||
|---|---|---|---|
| 001 | u515584 | ||
| 003 | SIRSI | ||
| 008 | 920910s2002 my t 00 1 eng | ||
| 035 | |a ACY-8223 | ||
| 040 | |a UMP | ||
| 096 | |a WA20.5 |b UM 2002 Cho | ||
| 100 | 1 | 0 | |a Choo, Wan Yuen. |
| 245 | 1 | 0 | |a Assessment of burden among caregivers of patients with dementia in Malaysia / |c Choo Wan Yuen. |
| 260 | |c 2002. | ||
| 300 | |a 155 leaves : |b ill. (part col.) ; |c 30 cm. | ||
| 502 | |a Dissertation (M.P.H.) -- Department of Social dan Preventive Medicine, Faculty of Medicine, University of Malaya, 2002. | ||
| 504 | |a Bibliography: leaves 57-64. | ||
| 650 | 2 | |a Caregivers. | |
| 710 | 2 | 0 | |a Universiti Malaya. |b Jabatan Perubatan Kemasyarakatan dan Pencegahan. |
| 948 | |a 09/08/2003 |b 30/09/2004 | ||
| 596 | |a 2 | ||
| 999 | |a WA20.5 UM 2002 CHO |w NLM |c 1 |i A503047296 |d 27/12/2018 |e 27/12/2018 |k TESIS |l STACKS |m P02MEDKL |n 2 |r Y |s Y |t TESIS |u 14/11/2003 | ||
